| 000 -ლიდერი |
| ფიქსირებული სიგრძის საკონტროლო ველი |
01313nam a22002177a 4500 |
| 003 - საკონტროლო ნომრის იდენტიფიკატორი |
| საკონტროლო ველი |
Ge_BSU |
| 005 - ბოლო ოპერაციის თარიღი და დრო |
| საკონტროლო ველი |
20191122113214.0 |
| 008 - ფიქსირებული სიგრძის მონაცემთა ელემენტები - ზოგადი ინფორმაცია |
| ფიქსირებული სიგრძის საკონტროლო ველი |
191122s2018 ge ||||| |||| 00| 0 geo d |
| 020 ## - წიგნის საერთაშორისო სტანდარტული ნომერი |
| International Standard Book Number |
9789941417092 |
| 041 ## - ენის კოდი |
| Language code of text/sound track or separate title |
geo |
| 080 ## - უნივერსალური ათობითი კლასიფიკაციის ინდექსი |
| Universal Decimal Classification number |
008(-11)+81 ო-57 |
| 245 ## - ცნობა სათაურის შესახებ |
| Title |
ორიენტალისტური ძიებანი : |
| Remainder of title |
კრებული / |
| Statement of responsibility, etc |
რედ : გურამ ჩიქოვანი ; ნომადი ბართაია. |
| 264 ## - წარმოების, გამოცემის, დისტრიბუციის და სხვა ცნობები |
| გამოცემის, წარმოების, დისტრიბუციის... ადგილი |
ქუთაისი : |
| გამოცემის, წარმოების, დისტრიბუციის... სახელწოდება |
აკაკი წერეთლის სახელმწ. უნ-ტის გამ-ბა, |
| გამოცემის, წარმოების, დისტრიბუციის... თარიღი |
2018. |
| 300 ## - ფიზიკური აღწერა |
| Extent |
352 გვ. : |
| Other physical details |
ილ. ; |
| Dimensions |
24 სმ. |
| 520 ## - SUMMARY, ETC. |
| Summary, etc |
რეზიუმე და 1 სტატია ინგლ. ენაზე |
| 653 ## - INDEX TERM--UNCONTROLLED |
| Uncontrolled term |
ენათმეცნიერება |
| 700 ## - ADDED ENTRY--PERSONAL NAME |
| Personal name |
ჩიქოვანი, გურამ |
| Relator term |
რედაქტორი |
| 9 (RLIN) |
5516 |
| 700 ## - ADDED ENTRY--PERSONAL NAME |
| Personal name |
ბართაია, ნომადი |
| Relator term |
რედაქტორი |
| 9 (RLIN) |
2416 |
| 710 ## - ADDED ENTRY--CORPORATE NAME |
| Relator term |
აკაკი წერეთლის სახელმწ. უნ-ტი ჰუმანიტარულ მეცნიერებათა ფაკ-ტი აღმოსავლური ფილოლოგიის დეპარტამენტი |
| 9 (RLIN) |
5517 |
| 942 ## - ADDED ENTRY ELEMENTS (KOHA) |
| Source of classification or shelving scheme |
|
| Koha item type |
წიგნი |